Statistics for Columbus Blue Jackets Roster

Click here to take the quiz!

General Stats

  • This quiz has been taken 15 times
    (7 since last reset)
  • The average score is 9 of 30

Answer Stats

PositionAnswer% Correct
CenterBoone Jenner
75%
GoaltenderElvis Merzļikins
75%
CenterAdam Fantilli
50%
DefensemanErik Gudbranson
50%
Left WingJohnny Gaudreau
50%
CenterKent Johnson
50%
Right WingKirill Marchenko
50%
Right WingPatrik Laine
50%
DefensemanZach Werenski
50%
DefensemanAdam Boqvist
25%
CenterAlexandre Texier
25%
Right WingCarson Meyer
25%
CenterCole Sillinger
25%
DefensemanDamon Severson
25%
GoaltenderDaniil Tarasov
25%
DefensemanDavid Jiříček
25%
Left WingDmitri Voronkov
25%
DefensemanIvan Provorov
25%
DefensemanJake Bean
25%
Right WingMathieu Olivier
25%
DefensemanNick Blankenburg
25%
CenterSean Kuraly
25%
Right WingTrey Fix-Wolansky
25%
Right WingYegor Chinakhov
25%
Left WingAlexander Nylander
0%
CenterBrendan Gaunce
0%
DefensemanJake Christiansen
0%
Left WingJames Malatesta
0%
Right WingJustin Danforth
0%
Left WingMikael Pyyhtiä
0%

Score Distribution

Percentile by Number Answered

Percent of People with Each Score

Your Score History

You have not taken this quiz since the last reset